Briefing `80 at University of Nottingham, 12th - 14th September 1980 (Record no. 98236)

MARC details
000 -LEADER
fixed length control field 00606cam a2200193 4500
001 - CONTROL NUMBER
control field D15110
008 - FIXED-LENGTH DATA ELEMENTS--GENERAL INFORMATION
fixed length control field 090401t1980 xxu||||| |||| 00| 0 eng d
035 ## - SYSTEM CONTROL NUMBER
System control number (Sirsi) u94956
041 ## - LANGUAGE CODE
Language code of text/sound track or separate title eng
050 ## - LIBRARY OF CONGRESS CALL NUMBER
Classification number 333.1
110 ## - MAIN ENTRY--CORPORATE NAME
Corporate name or jurisdiction name as entry element Royal Institution of Chartered Surveyors
9 (RLIN) 4900
245 ## - TITLE STATEMENT
Title Briefing `80 at University of Nottingham, 12th - 14th September 1980
260 ## - PUBLICATION, DISTRIBUTION, ETC.
Name of publisher, distributor, etc. RICS
Date of publication, distribution, etc. 1980
350 ## - PRICE (NR) (BK AM CF MU VM SE) [OBSOLETE]
Price 0
520 ## - SUMMARY, ETC.
Summary, etc. 1 paper; 2 summaries; 3 synopses; notes on speakers, attendance list ; Filed in box 1980/42 A
710 ## - ADDED ENTRY--CORPORATE NAME
Corporate name or jurisdiction name as entry element Land Agency and Agriculture Division
9 (RLIN) 773
942 ## - ADDED ENTRY ELEMENTS (KOHA)
Suppress in OPAC 0
948 ## - LOCAL PROCESSING INFORMATION (OCLC); SERIES PART DESIGNATOR (RLIN)
c (OCLC) 04/03/1997
Holdings
Withdrawn status Lost status Source of classification or shelving scheme Damaged status Not for loan Home library Current library Shelving location Date acquired Total Checkouts Full call number Barcode Date last seen Copy number Price effective from Koha item type
    Other/Generic Classification Scheme     London London RICS Boxes 04/09/2002   RICS 1980/42 94956-1001 06/08/2019 1 06/08/2019 Reference material